000 00591cam a22002171 4500
001 ne 64002168
003 DLC
005 20260227111804.0
008 890301s1960 xx 000 0 ara
010 _ane 64002168
035 _a(OCoLC)23500379
040 _aDLC
_cMiU
_dDLC
042 _apremarc
050 0 0 _aPJ7828.F5
_bZ73 1960
100 1 _aJumʻah, Muḥammad Kāmil Aḥmad.
245 1 0 _aḤāfiẓ Ibrāhīm.
260 _c[1960]
300 _a16, 383 p.
_bport.
_c21 cm.
504 _aBibliography: p. [369]-378.
600 2 0 _aḤāfiẓ Ibrāhīm, Muḥammad,
_d1872?-1932.
999 _c47348
_d47348